| 000 | 01254cam a22001695a 4500 | ||
|---|---|---|---|
| 001 | L156879 | ||
| 008 | 120724s1835 xxk f 000 0 eng d | ||
| 035 | _a(Sirsi) u156879 | ||
| 041 | 0 | _aeng | |
| 245 | 0 | 0 | _aParticulars and conditions of sale, of the second portion of very valuable freehold property, comprising lands in Battersea Fields, on the south side of the road to Battersea and Wandsworth, and having frontages thereto; also, on both sides of Falcon Lane, and extending westward, over Battersea Rise, to Plough Lane, and again by Plough Lane and the Lower Road, to Battersea Town, and the River Thames, including market gardens, building ground, and very rich meadow, pasture, and arable land; several capital residences, with gardens and pleasure grounds; various other messuages and tenements; a chapel; The Falcon, and Princes Head, public houses; cottages, &c. &c. ... which will be sold by auction, by Mr. Rainy ... on Friday, the 30th of October, 1835 ... in sixty-five lots |
| 260 |
_a[London] _bPrinted by T. Brettell, Rupert Street, Haymarket _c[1835] |
||
| 300 |
_a42 p. _b1 folded col. plan _c25 cm. |
||
| 583 |
_aCondition reviewed _c20120620 _lcondition level 4 |
||
| 651 | 4 | _aLondon | |
| 690 |
_aAuctioneering _96218 |
||
| 942 | _n0 | ||
| 999 |
_c114465 _d114465 |
||